000 00302nam a2200133Ia 4500
008 191201s2012 xx 000 0 und d
100 _aJAIN, RP
245 0 _aModern Digital Electronics
250 _aRep
260 _aN. Delhi
_bTMH
_c2012
300 _a712
650 _aB.Tech(CSE)
942 _2ddc
_cBK
999 _c5669
_d5669